000
00308nam a2200121Ia 4500
008
231228s1996 xx 000 0 und d
041
_a
eng
082
_a
362.2092
_b
NAR
100
_a
NARAYAN (R.K.)
245
_a
Talkative Man
260
_a
Mumbai
_b
Spenta Multimedia Pvt. Ltd. Mumbai
_c
1996
300
_a
123
999
_c
1084578
_d
1084578